| 000 | 00815nam a2200217Ii 4500 | ||
|---|---|---|---|
| 003 | JO-AjNU | ||
| 008 | 230605s9999||||xx |||||||||||||| ||und|| | ||
| 017 | _a3315/2013 | ||
| 020 | _a978-5677-11-8 | ||
| 040 |
_aJO-AjNU _bara _erda _cJO-AjNU |
||
| 041 | _aara | ||
| 050 | 1 | 4 | _aKZ6310.2013 |
| 100 | 3 |
_aالمهدي، محمد امين م.مشارك شريف علقم، م.مشارك دوللي حمد, _eauthor _964469 |
|
| 245 | 0 | 0 | _aالجرائم التي تختص بها المحكمة الجنائية الدولية |
| 264 | 3 | 1 | _aالقاهرة: اللجنة الدولية للصليب الاحمر، 2013 |
| 300 | _a570ص | ||
| 336 |
_atext _btxt _2rdacontent |
||
| 337 |
_aunmediated _bn _2rdamedia |
||
| 338 |
_avolume _bnc _2rdacarrier |
||
| 650 | 4 |
_aالقانون الدولي الجنائي _964470 |
|
| 999 |
_aA29382 _c32950 _d32950 |
||